[Event "5th Vergani Cup January 2021"]
[Site "Bassano del Grappa"]
[Date "2021.01.07"]
[Round "8.4"]
[White "Dardha, Daniel"]
[Black "Di Benedetto, Edoardo"]
[Result "1-0"]
[WhiteElo "2487"]
[BlackElo "2386"]
[Annotator "TA"]
[PlyCount "113"]
[EventDate "2021.01.03"]
[EventType "swiss"]
[EventCountry "ITA"]
[SourceTitle "playchess.com"]
[Source "ChessBase"]
[SourceQuality "1"]

{[%evp 12,113,31,15,20,22,37,25,25,19,16,16,40,41,54,43,37,45,44,41,56,67,51,34,60,60,77,72,63,27,222,213,217,194,191,12,12,11,9,2,97,0,107,0,0,-131,0,-22,0,0,0,0,15,0,0,-14,-21,-87,0,0,0,-35,-33,-57,-4,-15,19,0,0,0,0,0,0,-16,-27,-34,10,-7,0,0,0,0,0,0,0,0,0,0,56,56,60,52,352,345,1594,1594,29991,29992,29992,29993,29997,29998,29998,29999]} 1. d4 d5 2. c4 e6 3. Nc3 Be7 4. Nf3 Nf6 5. Bf4 O-O 6. e3 b6 7. Bd3 dxc4 {is now debated instead of 7...Bb7. D37: Queen's Gambit Declined: 5 Bf4.} 8. Bxc4 Ba6 9. Bxa6 Nxa6 {White has an edge.} 10. Qe2 Qc8 11. e4 {[#]} Rd8 $146 ({Predecessor:} 11... Re8 12. O-O c5 13. Rad1 h6 14. h3 Bf8 15. Be5 Nd7 16. Bg3 Qb7 17. d5 exd5 18. Nxd5 {½-½ (54) Najer,E (2687)-Dominguez Perez,L (2713) Dortmund 2016}) 12. O-O Qb7 13. Rad1 c5 14. d5 exd5 15. exd5 Nb4 {[%cal Rb4d5]} 16. d6 Bf8 17. Be5 {Black must now prevent Bxf6.} Nd7 {next ...Re8 is good for Black.} 18. Bg3 Re8 19. Qc4 Rad8 20. Nb5 Nf6 $2 (20... h6 $11 {and Black is okay.}) 21. Nc7 $1 $18 Re4 22. Qb3 Nc6 23. Nd5 $2 ({Only move:} 23. Ng5 $18 c4 24. Qc3) 23... Nxd5 $11 24. Qxd5 Na5 25. Qf5 f6 (25... Ree8 $11) 26. h4 (26. Rd5 $16 Re2 27. b4 cxb4 28. Nd4) 26... Nc4 {[#]} (26... Ree8 $1 $11) 27. d7 ({White has to play} 27. Nd2 $1 $16 {[%cal Rd2e4]} Nxd2 28. Rxd2) 27... Re7 28. h5 (28. Rc1 $1 $11 {keeps the balance.} b5 29. b3) 28... Rdxd7 (28... Nxb2 $17 29. Rb1 Nc4 30. Qxc5 bxc5 31. Rxb7 Rexd7 32. Rxd7 Rxd7) 29. h6 (29. b3 $5 {[%cal Rb3c4]} Nb2 30. Rxd7 Rxd7 31. Qe6+ Kh8 32. Qe2 $11) 29... Rxd1 30. Rxd1 {hxg7 is the strong threat.} Qe4 (30... Nxb2 $2 31. Rd8 $18) 31. Qc8 Qe6 (31... Nxb2 $2 32. Rd8 $18) (31... gxh6 $2 32. Re1 $18) 32. Qa8 {aiming for Rd8!} Rd7 ({But not} 32... Nxb2 $2 33. Rd8 $18) 33. Re1 Qd5 34. Qe8 (34. Qb8 $11) 34... Qf7 (34... g6 $17 35. b3 Na5) 35. Qc8 Nd6 ({Reject} 35... Nxb2 36. hxg7 Kxg7 37. Nh4 $16) 36. Qa8 (36. Bxd6 $5 Rxd6 37. hxg7 Qxg7 38. Qh3 $11) 36... Nf5 ({Much worse is} 36... Qxa2 $6 37. hxg7 Kxg7 38. Nh4 $14) 37. hxg7 Qxg7 (37... Kxg7 $15 38. Bb8 Qxa2) 38. Bf4 Nd4 39. Re3 Nf5 40. Re8 Rd1+ 41. Kh2 $1 Qf7 {( -> ...Qh5+)} 42. g4 Ng7 {[%cal Rg7e8]} 43. Rc8 {Black should prevent Bh6.} Rd7 44. Nh4 {Strongly threatening Bh6.} Re7 45. Bh6 (45. b3 {is more complex.} Re2 46. Kg2 Re8 47. Nf5 Qd7 48. Rxe8 Qxe8 49. Qd5+) 45... Re8 $1 46. Bxg7 Rxc8 47. Qxc8 Kxg7 48. Nf5+ Kg6 49. Qa8 Kg5 ({Black should try} 49... h5 $11) 50. Qe4 $14 {[%mdl 1024] Threatens to win with f4+. White has compensation.} Qc7+ 51. Ng3 {White threatens Qf5+ and mate.} Qf4 {[%mdl 8192] [#]} (51... Qd7 $14) 52. Qd5+ $1 $18 Kh6 $2 (52... f5 53. Kg2 Qxg4 54. Qd8+ Kg6 55. Qxf8 h5) 53. Kh3 Qc7 54. Qg8 {[%cal Rg3f5] White mates.} Bg7 55. Nf5+ Kg6 56. Qe8+ Kg5 57. f4+ {Weighted Error Value: White=0.20/Black=0.47} 1-0

[Event "5th Vergani Cup January 2021"]
[Site "Bassano del Grappa"]
[Date "2021.01.07"]
[Round "8.5"]
[White "Checa, Nicolas"]
[Black "Beerdsen, Thomas"]
[Result "1-0"]
[WhiteElo "2527"]
[BlackElo "2479"]
[Annotator "TA"]
[PlyCount "63"]
[EventDate "2021.01.03"]
[EventType "swiss"]
[EventCountry "ITA"]
[SourceTitle "playchess.com"]
[Source "ChessBase"]
[SourceQuality "1"]

{[%evp 22,63,14,15,40,39,58,36,36,31,31,43,47,36,34,35,46,43,43,21,21,21,21,21,19,21,21,7,100,108,102,107,105,97,86,91,93,85,100,90,96,70,341,338]} 1. d4 f5 2. c4 Nf6 3. g3 g6 4. Nc3 Bg7 5. Bg2 O-O 6. Nf3 d6 7. O-O Qe8 8. Re1 Qf7 9. b3 Ne4 10. Bb2 Nc6 11. Qd3 Nxc3 12. Qxc3 e5 {A87: Dutch Defence: Leningrad System: 5 Nf3.} 13. dxe5 {[#]} Nxe5 $146 ({Predecessor:} 13... dxe5 14. Ng5 Qf6 15. Bd5+ Kh8 16. Bxc6 Qxg5 17. Bg2 c6 18. Rad1 f4 19. Rd6 a5 20. a4 {½-½ (53) Offenborn,H (2319)-Kirpikov,A (2304) ICCF email 2014}) 14. Qd2 Nxf3+ {White is slightly better.} 15. Bxf3 Bxb2 16. Qxb2 Rb8 17. c5 dxc5 18. Qe5 {Strongly threatening Bd5.} Re8 19. Qxc5 b6 20. Qb5 c5 21. Rad1 Be6 $1 22. Rd6 Rbd8 23. Red1 Qc7 24. R6d2 Kf7 (24... Kg7 $11) 25. Bc6 $16 Rf8 26. Bd7 {Hoping for Bxe6+.} Ke7 {[%cal Rd8d7]} 27. Bxe6 {aiming for Rd7+.} Rxd2 28. Rxd2 Kxe6 {[#]} 29. Rd3 $1 $36 {[%mdl 2048] White is really pushing.} Rf7 {[#]} 30. Qc4+ $1 Ke7 31. Re3+ Kf8 $2 {[%mdl 8192]} ({Better is} 31... Kf6 $1 $14) 32. Qc3 {[%cal Rc3h8] Weighted Error Value: White=0.05/Black=0.26} 1-0

[Event "5th Vergani Cup January 2021"]
[Site "Bassano del Grappa"]
[Date "2021.01.07"]
[Round "8.6"]
[White "Horvath, Dominik"]
[Black "Mendonca, Leon Luke"]
[Result "1/2-1/2"]
[WhiteElo "2446"]
[BlackElo "2516"]
[Annotator "TA"]
[PlyCount "67"]
[EventDate "2021.01.03"]
[EventType "swiss"]
[EventCountry "ITA"]
[SourceTitle "playchess.com"]
[Source "ChessBase"]
[SourceQuality "1"]

{[%evp 24,67,0,0,0,0,0,-17,-13,-10,37,-126,-112,-110,-112,-93,0,0,0,0,0,0,0,0,0,0,0,-38,0,0,0,0,0,0,0,0,0,0,0,-48,-55,-58,0,0,0,0]} 1. e4 c5 2. Nf3 d6 3. d4 cxd4 4. Nxd4 Nf6 5. Nc3 a6 6. Bg5 e6 7. f4 Qb6 8. Qd2 Qxb2 9. Rb1 Qa3 10. f5 Nc6 11. fxe6 fxe6 12. Nxc6 bxc6 13. Be2 Be7 $1 {B97: Sicilian Najdorf: Poisoned Pawn.} 14. e5 $1 {[%mdl 4] outshines the older 14.0-0.} dxe5 15. Bxf6 Bxf6 (15... gxf6 $2 16. Bh5+ Kf8 17. Rb3 $18) 16. Bh5+ Ke7 17. Qe3 $2 {[#]} (17. Rd1 $14 Qc5 18. Ne4) 17... Qa5 $146 ({Predecessor:} 17... Rd8) 18. O-O {[#] Threatens to win with Qg3.} e4 $1 19. Qg3 {Black must now prevent Rxf6!} Qxh5 (19... Qxc3 $17 20. Rb7+ Bd7 21. Rxf6 Qd4+ 22. Rf2 Rhf8) 20. Rxf6 $1 $11 {[%mdl 64] Remove Defender} gxf6 21. Qg7+ {[%mdl 64] Double Attack} Qf7 22. Qxh8 e3 23. Ne4 {And now Qxc8! would win.} ({But not} 23. Rd1 $2 Bb7 $19) 23... e2 24. Kf2 {[#] Strongly threatening Qxc8!} Qg6 25. Ng3 e1=Q+ 26. Kxe1 a5 {[%cal Ba6a5,Ba5a4][%mdl 32]} 27. Rb3 ({Avoid the trap} 27. Rd1 $2 Bb7 $19) 27... a4 28. Rb4 ({Wrong is} 28. Rd3 $2 Bb7 $19) 28... Qh6 29. Ne2 {Rg4 is the strong threat.} e5 30. g3 Qh5 {Hoping for ...Qxe2+!} 31. Qg7+ Qf7 32. Qh8 Qh5 (32... Qxa2 $15 33. Qxh7+ Qf7) 33. Nc3 Qh6 {aiming for ...Qe3+.} 34. Ne2 {Weighted Error Value: White=0.15/Black=0.14} 1/2-1/2

[Event "5th Vergani Cup January 2021"]
[Site "Bassano del Grappa"]
[Date "2021.01.07"]
[Round "8.7"]
[White "Bernadskiy, Vitaliy"]
[Black "Song, Julien"]
[Result "0-1"]
[WhiteElo "2619"]
[BlackElo "2306"]
[Annotator "TA"]
[PlyCount "52"]
[EventDate "2021.01.03"]
[EventType "swiss"]
[EventCountry "ITA"]
[SourceTitle "playchess.com"]
[Source "ChessBase"]
[SourceQuality "1"]

{[%evp 15,52,6,12,8,9,4,10,0,14,0,9,-128,-132,-134,-114,-186,0,0,0,0,0,-69,-68,-68,-69,-106,-106,-80,-81,-98,-95,-84,-53,-49,-49,-171,-50,-35,1202]} 1. e4 e6 2. d4 d5 3. Nc3 Nf6 4. e5 Nfd7 5. f4 c5 6. Nf3 Nc6 7. Be3 Be7 8. Qd2 a6 9. a3 {C11: French: Classical System: 4 e5 and 4 Bg5 dxe4.} Rb8 {9...b5 is setting a new trend.} 10. Bd3 b5 {[#]} 11. O-O $146 {The position is equal.} ({Predecessor:} 11. dxc5 Nxc5 12. Ne2 b4 13. O-O bxa3 14. bxa3 O-O 15. Bxc5 Bxc5+ 16. Kh1 h6 17. Ng3 {0-1 (47) Fernandez Gonzales,G (1873)-Siles Vasquez,C ICCF email 2014}) 11... O-O 12. Kh1 c4 {[#]} 13. Bxh7+ Kxh7 $17 14. Ng5+ Kg8 {...Rb7 is the strong threat.} 15. Qf2 (15. Qe1 $17) 15... Ndxe5 $2 16. dxe5 $11 Nxe5 17. fxe5 Bxg5 18. Rad1 (18. Bc5 $11) 18... Bxe3 $15 19. Qxe3 f6 20. Ne4 {[#] Black must now prevent Nxf6+!} Qb6 $1 {[%cal Rb6e3]} ({Much worse is} 20... fxe5 $6 21. Ng5 $15) 21. Nc5 {[#] White wants to play exf6.} Rb7 $1 {And now ...Rc7 would win.} 22. exf6 Rbf7 23. b4 cxb3 24. cxb3 Rxf6 25. Rf3 ({White should play} 25. Rxf6 $15 Rxf6 26. b4) 25... Rf5 (25... Rxf3 $19 26. gxf3 Qc7) 26. Rxf5 Rf6 $2 {[%mdl 40960] What a bad dream for Black.  Weighted Error Value: White=0.40/Black=0.25. Loss on time!?} (26... Rxf5 $15 27. b4 Qd6) 0-1

[Event "5th Vergani Cup January 2021"]
[Site "Bassano del Grappa"]
[Date "2021.01.07"]
[Round "8.8"]
[White "Dobrikov, Marco"]
[Black "Basso, Pier Luigi"]
[Result "1-0"]
[WhiteElo "2301"]
[BlackElo "2561"]
[Annotator "TA"]
[PlyCount "147"]
[EventDate "2021.01.03"]
[EventType "swiss"]
[EventCountry "ITA"]
[SourceTitle "playchess.com"]
[Source "ChessBase"]
[SourceQuality "1"]

{[%evp 12,147,26,11,18,10,25,25,34,-14,9,1,22,-43,-39,-48,-26,-37,29,-78,-75,-44,-12,-33,-31,-27,0,0,20,11,3,-27,-21,-29,-28,-32,14,-69,-57,-49,-57,-46,-43,-54,-45,-16,-35,-30,-55,-35,-7,-41,-35,-80,-81,-81,0,-9,0,0,0,0,0,0,17,9,8,8,19,20,27,27,103,49,95,13,95,45,95,96,97,86,93,86,86,86,87,93,145,124,93,27,35,27,60,27,27,27,44,27,1039,936,1047,952,991,810,1133,193,173,178,162,0,1127,1121,1074,1072,900,962,870,948,921,881,663,601,1448,5073,6656,6095,5583,6070,5664,620,596,568,29971,29974,29974,29974]} 1. e4 c6 2. Nf3 d5 3. Nc3 Bg4 4. h3 Bxf3 5. Qxf3 e6 6. d3 Nf6 7. Bd2 Qb6 {is now more promising than 7...Nbd7. B11: Caro-Kann: Two Knights Variation.} 8. O-O-O d4 9. Ne2 a5 {[%cal Ba7a5,Ba5a4,Ba4a3][%mdl 32] [#] White has an edge.} 10. Qg3 $146 (10. g4 {is interesting.} Nfd7 11. h4 c5 12. Qg3 Nc6 13. Kb1) ({Predecessor:} 10. g4 Na6 11. e5 Nd5 12. Qe4 Bc5 13. f4 Nac7 14. Bg2 Nb5 15. Rdf1 Ba3 16. bxa3 Nxa3 {½-½ (61) Lei,T (2468)-Girya,O (2462) Batumi 2018}) 10... Nfd7 11. f4 a4 12. e5 ({White should play} 12. Qf2 $11) 12... Na6 $15 13. Qf2 Bc5 14. g4 O-O-O ({Better is} 14... Nc7 $15) 15. Ng3 {[#]} (15. a3 $11) 15... a3 $1 $17 {[%csl Ga3][%cal Rb6b2]} 16. b3 Nb4 17. Kb1 Nd5 18. Bg2 Nc7 19. Ne4 Nb5 20. Qe1 Be7 21. Rf1 Nc5 22. f5 Nxe4 23. Bxe4 Qc5 24. fxe6 (24. f6 $11 gxf6 25. exf6) 24... fxe6 $15 25. Rf7 {Hoping for b4.} Rd7 26. Rxg7 {[#]} Bh4 $1 27. Qxh4 Nc3+ 28. Bxc3 Qxc3 {[%csl Ga3][%cal Rc3b2]} 29. Kc1 Rxg7 30. Qf6 {[%cal Rf6g7][%mdl 64] Double Attack} Rgg8 31. Qxe6+ Kc7 32. Qe7+ Kb6 33. Qxa3 Re8 (33... h5 $17 34. Kb1 hxg4 35. hxg4 Rxg4) 34. Qd6 h5 {White must now prevent ...hxg4.} 35. Kb1 hxg4 36. hxg4 Rd8 (36... Rh2 $5 37. Rc1 $8 Re2 $11) 37. Qa3 Rhe8 38. g5 Rxe5 (38... Ra8 $5 39. Qb2 $8 Rxe5 $14) 39. g6 Ra5 40. Qb2 Rg5 41. Qc1 Qc5 (41... Rg3 $11 {remains equal.}) 42. Qd2 (42. a3 $16) 42... Rh8 43. Rf1 (43. b4 $16 Qe7 44. Rf1) 43... Rh3 (43... Rf8 $1 $11 44. Rh1 Rg3) 44. b4 Qe7 45. a3 Re3 46. Kb2 Qe5 47. Qf2 Rxe4 48. dxe4 {And now Rg1 would win.} Rxg6 $16 {[%mdl 4096] Endgame KQR-KQR} 49. Qf5 Re6 (49... Rg5 $142 50. Qxe5 Rxe5) 50. Qxe5 Rxe5 {KR-KR} 51. Re1 (51. Rf4 $16) 51... c5 52. Kb3 Kc6 53. a4 cxb4 54. Kxb4 b6 55. Re2 Rc5 $2 {[%mdl 8192]} (55... Kd6 $11) 56. Rd2 $18 Rc3 57. Rxd4 Re3 58. c3 Re1 59. Kc4 $2 (59. Rc4+ Kb7 60. Ka3) 59... Re3 {[#]} 60. Kb3 $1 Re2 61. Kb4 $2 (61. Ka3) 61... Re1 $1 62. Rc4+ Kb7 63. Kb5 Rb1+ 64. Rb4 Rc1 65. Kc4 Kc6 66. Kd4 Rd1+ 67. Ke5 Kc5 68. Kf6 Rd3 69. Rb5+ Kc6 70. e5 Rf3+ 71. Ke6 (71. Ke7 $142 Rxc3 72. Rb4) 71... Rxc3 72. Rb4 Rh3 73. Rc4+ Kb7 74. Kd6 {Weighted Error Value: White=0.35/Black=0.17} 1-0

[Event "5th Vergani Cup January 2021"]
[Site "Bassano del Grappa"]
[Date "2021.01.07"]
[Round "8.9"]
[White "Bettalli, Francesco"]
[Black "Sebenik, Matej"]
[Result "0-1"]
[WhiteElo "2272"]
[BlackElo "2501"]
[Annotator "TA"]
[PlyCount "90"]
[EventDate "2021.01.03"]
[EventType "swiss"]
[EventCountry "ITA"]
[SourceTitle "playchess.com"]
[Source "ChessBase"]
[SourceQuality "1"]

{[%evp 16,90,15,16,20,12,8,9,6,12,12,0,16,0,0,0,0,-30,-22,-25,-15,-98,-74,-110,-104,-114,-105,-114,-114,-116,-112,-149,-97,-97,-91,-97,-90,-98,-97,-90,-70,-92,-77,-118,-95,-88,-93,-164,-145,-163,-155,-167,-167,-206,-137,-216,-184,-167,-176,-425,-416,-418,-420,-414,-414,-404,-405,-437,-437,-429,-429,-429,-429,-429,-429,-429,-429]} 1. d4 d5 2. Nf3 Nf6 3. e3 c6 4. b3 Bf5 5. Bb2 e6 6. Bd3 Bxd3 7. Qxd3 Nbd7 8. Nbd2 Bd6 9. O-O O-O {D04: Colle System.} 10. e4 dxe4 11. Nxe4 Nxe4 {The position is equal.} 12. Qxe4 a5 {[%cal Ba7a5,Ba5a4,Ba4a3][%mdl 32]} 13. c4 {[#]} Re8 $146 ({Predecessor:} 13... a4 14. Rfd1 Ra6 15. Bc3 Qe7 16. c5 Bc7 17. b4 Nf6 18. Qd3 a3 19. b5 cxb5 20. Qxb5 {1-0 (53) Krainski,A (2220)-Warakomski,T (2476) Poronin 2014}) 14. Rfd1 a4 15. Qc2 Qa5 16. d5 cxd5 17. cxd5 Rac8 18. Qe4 (18. Qd3 $11) 18... a3 $17 19. Bd4 {[#]} e5 $1 $36 {[%mdl 2048] Strongly threatening ...Nf6. Black is on the roll.} 20. Be3 Nf6 21. Qf5 e4 22. Nd2 Qxd5 23. Qh3 {Threatens to win with Nc4.} Qe6 (23... Rc3 $142 {...Rd3 is the strong threat.} 24. Nf1 Rd3 25. Rxd3 exd3) 24. Qxe6 Rxe6 25. Nc4 Bf8 26. Rac1 Ng4 27. Bf4 f5 28. h3 Nf6 29. Nxa3 {[#]} Rxc1 30. Bxc1 Ra6 31. Rd8 (31. Nc4 $17) 31... Kf7 $19 32. Nb5 Rxa2 33. Be3 Ra5 34. Nd4 g6 35. Nc2 (35. g4 $17 {was called for.}) 35... Rb5 36. Nd4 Rd5 37. Rc8 (37. Rxd5 Nxd5 38. Bd2) 37... f4 38. Rc7+ Kg8 39. Bxf4 Rxd4 40. Rxb7 Rb4 41. Rxb4 Bxb4 {Black is clearly winning.} 42. Kf1 Nd5 43. Be5 Kf7 44. Ke2 Ke6 45. Bd4 Nf4+ {Weighted Error Value: White=0.25/Black=0.05} 0-1

[Event "5th Vergani Cup January 2021"]
[Site "Bassano del Grappa"]
[Date "2021.01.07"]
[Round "8.10"]
[White "Muetsch, Annmarie"]
[Black "Sonis, Francesco"]
[Result "1/2-1/2"]
[WhiteElo "2236"]
[BlackElo "2483"]
[Annotator "TA"]
[PlyCount "104"]
[EventDate "2021.01.03"]
[EventType "swiss"]
[EventCountry "ITA"]
[SourceTitle "playchess.com"]
[Source "ChessBase"]
[SourceQuality "1"]

{[%evp 9,104,10,28,23,23,18,20,22,10,-29,-15,-517,525,510,577,-21,-20,-19,54,57,66,52,53,83,91,7,12,0,0,0,0,0,0,0,0,0,0,-16,-8,-51,-43,-38,-47,-56,-60,-64,-58,-75,-21,-42,-39,-37,-28,-36,-37,-45,-16,-28,-29,-64,-18,-18,0,-13,0,0,0,0,0,0,0,0,0,0,0,0,0,0,0,0,0,0,0,0,0,0,0,0,0,0,0,0,0,0,7,0,7]} 1. e4 c5 2. Nf3 d6 3. Bb5+ Nd7 4. O-O a6 5. Bd3 Ngf6 6. Re1 {B51: Sicilian: Moscow Variation (3 Bb5+) without 3...Bd7.} e6 7. c3 b5 8. a4 Bb7 9. axb5 axb5 10. Ra4 {[%mdl 8192]} Ra7 $4 {[%mdl 8192]} 11. Rxa7 $18 Qb8 12. Ra8 Qxa8 $11 13. Na3 Bxe4 (13... b4 $11 14. cxb4 cxb4) 14. Bxe4 $14 Nxe4 15. Nxb5 Qc6 {[#]} 16. c4 $146 ({Predecessor:} 16. Qe2 Be7 17. Nfd4 cxd4 18. Nxd4 Nxc3 19. dxc3 Qd5 20. Be3 O-O 21. c4 Qb7 22. b4 Bf6 23. b5 Bxd4 24. Bxd4 {1-0 (33) Jain,N (2219)-Vishwa,V (2070) Budapest 2019}) 16... Be7 {[#]} 17. d4 (17. Qe2 $1 $16 {[%cal Re2e4]} Nef6 18. d4) 17... O-O 18. d5 exd5 19. Qxd5 Qxd5 20. cxd5 f5 21. Nd2 Ndf6 22. Nxe4 fxe4 23. Nc3 Kf7 24. Nxe4 Nxd5 25. Bg5 {Threatening Bxe7.} Nf6 26. Bxf6 gxf6 $15 {[%mdl 4096] Endgame KRB-KRN} 27. Nc3 Rb8 28. Re2 Bf8 ({Black should try} 28... f5 $17) 29. Kf1 f5 30. Ke1 Bg7 31. Kd1 Be5 32. g3 h5 33. Kc1 h4 34. f4 Bd4 (34... Bxc3 $5 35. bxc3 hxg3 36. hxg3 Ra8 $15) 35. Nd5 {The position is equal.} h3 36. Re7+ Kf8 (36... Kg8 {is interesting.} 37. Nc3 Ra8 38. Kb1 Rd8 39. Kc2 d5) 37. Rh7 Bxb2+ 38. Kc2 Bd4 {[#] Threatens to win with ...Rb2+.} 39. Rxh3 Kf7 40. Rh6 c4 41. Rxd6 Rb2+ 42. Kc1 {aiming for Ne3!} Rxh2 43. Rc6 c3 (43... Rg2 {is more complex.} 44. Rxc4 Bf2 45. Rc6 Bd4 46. Kd1 Rxg3 47. Ke2 Rb3) 44. Nxc3 Rg2 45. Nb5 Be3+ 46. Kd1 Ke7 47. Nc3 Kd7 48. Rh6 Rxg3 49. Nd5 Bd4 50. Ke2 Rg2+ 51. Kd3 Bg7 52. Ra6 Bf8 {Weighted Error Value: White=0.34/Black=0.28} 1/2-1/2

[Event "5th Vergani Cup January 2021"]
[Site "Bassano del Grappa"]
[Date "2021.01.07"]
[Round "9.1"]
[White "Niemann, Hans Moke"]
[Black "Warmerdam, Max"]
[Result "1/2-1/2"]
[WhiteElo "2472"]
[BlackElo "2506"]
[Annotator "TA"]
[PlyCount "54"]
[EventDate "2021.01.03"]
[EventType "swiss"]
[EventCountry "ITA"]
[SourceTitle "playchess.com"]
[Source "ChessBase"]
[SourceQuality "1"]

{[%evp 24,54,-28,-27,-41,-52,-25,-37,0,-19,-30,-26,-27,-24,-16,-50,-38,-85,-95,-97,-101,-196,-198,-161,-120,-151,-110,-109,-107,-181,-110,-119,-68]} 1. d4 Nf6 2. c4 g6 3. Nc3 Bg7 4. e4 d6 5. Be2 O-O 6. Bg5 c5 7. d5 e6 8. Nf3 exd5 9. cxd5 h6 10. Bf4 g5 11. Bg3 Nh5 12. O-O Nxg3 13. hxg3 Nd7 {[#] A61: Modern Benoni: Nf3 without early e4.} 14. g4 $146 ({Predecessor:} 14. Nd2 Ne5 15. Nc4 Nxc4 16. Bxc4 a6 17. a4 Qb6 18. Ra3 f5 19. a5 Qc7 20. Bd3 Bd4 21. exf5 Bxf5 {0-1 (43) Domogaev,S (2431)-Paravyan,D (2528) Sochi 2017}) 14... Nf6 15. Nd2 Qd7 {[%cal Rf6g4] Black is slightly better.} 16. e5 dxe5 17. Nde4 Nxe4 18. Nxe4 b6 $1 19. Bf3 Bb7 20. Ng3 Rad8 {[%cal Rb7d5]} 21. Nf5 Rfe8 ({Avoid the trap} 21... Bxd5 $2 22. Bxd5 Kh8 23. Be4 $18) 22. d6 (22. Qc2 $17 {is a better defense.}) 22... e4 $19 23. Be2 Re6 24. Bc4 Rxd6 25. Nxd6 Qxd6 26. Qb3 (26. Qxd6 $17 Rxd6 27. Rad1) 26... Bd4 (26... Qf4 $19 27. Rae1 Rd7) 27. Bxf7+ $17 Kg7 {Weighted Error Value: White=0.28/Black=0.18} 1/2-1/2

[Event "5th Vergani Cup January 2021"]
[Site "Bassano del Grappa"]
[Date "2021.01.07"]
[Round "9.2"]
[White "Bellahcene, Bilel"]
[Black "Checa, Nicolas"]
[Result "1/2-1/2"]
[WhiteElo "2510"]
[BlackElo "2527"]
[Annotator "TA"]
[PlyCount "41"]
[EventDate "2021.01.03"]
[EventType "swiss"]
[EventCountry "ITA"]
[SourceTitle "playchess.com"]
[Source "ChessBase"]
[SourceQuality "1"]

{[%evp 17,27,13,31,0,40,45,42,41,45,41,44,36]} 1. e4 e6 2. d4 d5 3. Nc3 Bb4 4. e5 Ne7 5. a3 Bxc3+ 6. bxc3 c5 7. Qg4 cxd4 8. Qxg7 Rg8 9. Qxh7 Qc7 10. Rb1 {C18: French: 3 Nc3 Bb4: Main line: 7 h4 and 7 Qg4.} dxc3 11. Nf3 {White is slightly better.} Nbc6 12. Bf4 Bd7 13. Bg3 O-O-O 14. Bd3 {[#] White took control after the opening.  Weighted Error Value: White=0.09/Black=0.10} ({Of course not} 14. Qxf7 Nf5 $17) {Predecessor:} 14... Rdf8 $146 15. Qh6 Ng6 16. Qe3 b6 17. Ba6+ Kb8 18. Qxc3 Bc8 19. Bd3 Bb7 20. Nd4 Nxd4 21. Qxd4 {0-1 (41) Sargissyan,S (2269)-Pon,M (2185) chess.com INT 2020} 1/2-1/2

[Event "5th Vergani Cup January 2021"]
[Site "Bassano del Grappa"]
[Date "2021.01.07"]
[Round "9.3"]
[White "Dardha, Daniel"]
[Black "Nguyen, Thai Dai Van"]
[Result "0-1"]
[WhiteElo "2487"]
[BlackElo "2571"]
[Annotator "TA"]
[PlyCount "86"]
[EventDate "2021.01.03"]
[EventType "swiss"]
[EventCountry "ITA"]
[SourceTitle "playchess.com"]
[Source "ChessBase"]
[SourceQuality "1"]

{[%evp 24,86,2,0,0,0,0,0,8,9,17,0,0,0,0,0,8,0,0,0,6,0,0,0,0,-10,-8,-20,-24,-33,-19,-92,-31,-95,-79,-72,-88,-97,-83,-426,-419,-545,-481,-657,-655,-633,-633,-611,-603,-603,-603,-603,-603,-603,-589,-548,-502,-29990,-29990,-29992,-29990,-29990,-29991,-29990,-29991]} 1. d4 d5 2. c4 dxc4 3. Nf3 Nf6 4. e3 e6 5. Bxc4 c5 6. O-O a6 7. a4 cxd4 8. exd4 Nc6 9. Nc3 Be7 10. d5 exd5 11. Nxd5 Nxd5 12. Bxd5 O-O 13. Be3 Bf5 {[#] D27: Queen's Gambit Accepted: Classical main line: 7 e4!? and 7 a4.} 14. Rc1 $146 {[%cal Ba1c1,Bc1c2,Bc2e2,Be2e3][%mdl 32]} ({Predecessor:} 14. a5 Nb4 15. Bb3 Qxd1 16. Rfxd1 Rac8 17. Bb6 Bf6 18. Rd2 Bc2 19. Bxc2 Nxc2 20. Rad1 Bxb2 21. Rd7 {½-½ (70) Hirn,O (2207)-Liepold,S (2185) Bad Koenigshofen 2010}) 14... Nb4 15. Bb3 Nd3 {The position is equal.} 16. Rc2 Bg6 17. Bc4 {aiming for Rd2.} Rc8 18. b3 Bb4 19. Re2 Re8 20. Bd4 Nf4 21. Re3 Bh5 22. Be5 Ng6 {[%cal Bf4g6,Bg6h4,Bh4f3][%mdl 32] Strongly threatening ...Qxd1.} 23. Bb2 Nh4 24. Rxe8+ (24. Bd5 {seems wilder.} Nxf3+ 25. Bxf3 Qxd1 26. Bxd1 Bxd1 27. Rxe8+ Rxe8 28. Rxd1 f6 29. Kf1) 24... Qxe8 25. Qd4 {[%csl Gb2][%cal Rd4g7]} Nxf3+ 26. gxf3 {[%csl Gb2][%cal Rd4g7]} Bf8 {White should prevent ...Rc6.} 27. Qf4 (27. Bd5 $11 {keeps the balance.}) 27... Rd8 (27... Qd7 $17 28. Re1 Rc6) 28. Rc1 (28. Qf5 $1 $15 Bg6 29. Qa5) 28... b5 29. axb5 axb5 30. Bf1 Qe6 31. Bxb5 $2 {[%mdl 8192] This move loses the game for White.} (31. Qg5 $17 Rd5 32. Qe3) 31... Qxb3 $19 {[%mdl 64] [#] Double Attack} 32. Qe5 Qxf3 {Threatens to win with ...Rd6.} 33. Bc6 Rd1+ 34. Rxd1 Qxd1+ 35. Kg2 Be2 {And now ...Bf1+ would win.} 36. Bd4 Qf1+ 37. Kg3 Qg1+ 38. Bg2 Bf1 39. Qd5 {[#]} Bd6+ {[%mdl 576] Deflection} 40. Qxd6 (40. f4 $19 Qxg2+ 41. Qxg2 Bxg2 42. Kxg2) 40... Qxg2+ {Black mates.} 41. Kh4 Qh3+ 42. Kg5 h6+ 43. Kf4 Qxh2+ {Weighted Error Value: White=0.58/Black=0.06} 0-1